Catholic University of Zimbabwe Library
Online Public Access Catalogue
(OPAC)

Duinesian Elegies (Record no. 26807)

MARC details
000 -LEADER
fixed length control field 01820cam a22004934a 4500
001 - CONTROL NUMBER
control field muse86569
003 - CONTROL NUMBER IDENTIFIER
control field MdBmJHUP
005 - DATE AND TIME OF LATEST TRANSACTION
control field 20210127151727.0
006 - FIXED-LENGTH DATA ELEMENTS--ADDITIONAL MATERIAL CHARACTERISTICS
fixed length control field m o d
007 - PHYSICAL DESCRIPTION FIXED FIELD--GENERAL INFORMATION
fixed length control field cr||||||||nn|n
008 - FIXED-LENGTH DATA ELEMENTS--GENERAL INFORMATION
fixed length control field 740802s1975 ncu o 00 0 eng d
010 ## - LIBRARY OF CONGRESS CONTROL NUMBER
Canceled/invalid LC control number 74016015
020 ## - INTERNATIONAL STANDARD BOOK NUMBER
International Standard Book Number 9781469657165
020 ## - INTERNATIONAL STANDARD BOOK NUMBER
International Standard Book Number 1469657163
020 ## - INTERNATIONAL STANDARD BOOK NUMBER
Canceled/invalid ISBN 0807880817
020 ## - INTERNATIONAL STANDARD BOOK NUMBER
Canceled/invalid ISBN 9781469657158
020 ## - INTERNATIONAL STANDARD BOOK NUMBER
Canceled/invalid ISBN 1469657155
035 ## - SYSTEM CONTROL NUMBER
System control number (OCoLC)1033566246
040 ## - CATALOGING SOURCE
Original cataloging agency MdBmJHUP
Transcribing agency MdBmJHUP
041 0# - LANGUAGE CODE
Language code of text/sound track or separate title eng
-- ger
-- ger
050 04 - LIBRARY OF CONGRESS CALL NUMBER
Classification number PT2635.I65
Item number D8 1975
082 0# - DEWEY DECIMAL CLASSIFICATION NUMBER
Classification number 831/.9/12
100 1# - MAIN ENTRY--PERSONAL NAME
Personal name Rilke, Rainer Maria,
Dates associated with a name 1875-1926.
245 10 - TITLE STATEMENT
Title Duinesian Elegies
Statement of responsibility, etc. German text with English translation and commentary by Elaine E. Boney.
264 #1 - PRODUCTION, PUBLICATION, DISTRIBUTION, MANUFACTURE, AND COPYRIGHT NOTICE
Name of producer, publisher, distributor, manufacturer University of North Carolina Press,
264 #3 - PRODUCTION, PUBLICATION, DISTRIBUTION, MANUFACTURE, AND COPYRIGHT NOTICE
Name of producer, publisher, distributor, manufacturer Project MUSE,
300 ## - PHYSICAL DESCRIPTION
Extent 1 online resource (xi, 150 p.)
490 0# - SERIES STATEMENT
Series statement University of North Carolina studies in the Germanic languages and literatures, no. 81
504 ## - BIBLIOGRAPHY, ETC. NOTE
Bibliography, etc. note Bibliography: p. 141-150.
506 0# - RESTRICTIONS ON ACCESS NOTE
Terms governing access Open Access
Standardized terminology for access restriction Unrestricted online access
Source of term star
588 ## - SOURCE OF DESCRIPTION NOTE
Source of description note Description based on print version record.
655 #7 - INDEX TERM--GENRE/FORM
Genre/form data or focus term Electronic books.
Source of term local
700 12 - ADDED ENTRY--PERSONAL NAME
Personal name Rilke, Rainer Maria,
Dates associated with a name 1875-1926.
Title of a work Duineser Elegien.
Language of a work English.
700 12 - ADDED ENTRY--PERSONAL NAME
Personal name Rilke, Rainer Maria,
Dates associated with a name 1875-1926.
Title of a work Duineser Elegien.
700 1# - ADDED ENTRY--PERSONAL NAME
Personal name Boney, Elaine Emesette,
Dates associated with a name 1921-
710 2# - ADDED ENTRY--CORPORATE NAME
Corporate name or jurisdiction name as entry element Project Muse.
Relator term distributor
830 #0 - SERIES ADDED ENTRY--UNIFORM TITLE
Uniform title University of North Carolina studies in the Germanic languages and literatures ;
Volume/sequential designation no. 81.
830 #0 - SERIES ADDED ENTRY--UNIFORM TITLE
Uniform title Book collections on Project MUSE.
856 40 - ELECTRONIC LOCATION AND ACCESS
Public note Full text available:
Uniform Resource Identifier <a href="https://muse.jhu.edu/book/75857/">https://muse.jhu.edu/book/75857/</a>
Holdings
Withdrawn status Lost status Source of classification or shelving scheme Damaged status Not for loan Home library Current library Shelving location Date acquired Total Checkouts Full call number Date last seen Uniform Resource Identifier Price effective from Koha item type
          Digital Library Digital Library Online Access 27.01.2021   PT2635.I65 D8 1975 27.01.2021 https://muse.jhu.edu/book/75857/ 27.01.2021 eBook

OPENING HOURS

Weekdays: 0815hrs - 1800hrs
Weekends:0900hrs - 1200hrs

Closed for Mass:

Mon, Thur: 1200hrs - 1300hrs
Sunday & Public Holiday’s

CALL SUPPORT

0242-570570, 0242-570169
09200664, +263 8644140602

LOCATION

18443, Cranborne Avenue, Hatfield, Harare

Other Links


©2021 | CUZ Library